Dels visigots als catalans / (Record no. 19533)

MARC details
000 -LEADER
campo de control de longitud fija 01023nam a2200253 i 4500
001 - NÚMERO DE CONTROL
campo de control 19533
003 - IDENTIFICADOR DE NÚMERO DE CONTROL
campo de control ES-MaACL
005 - FECHA Y HORA DE LA ÚLTIMA TRANSACCIÓN
campo de control 20240228155325.0
007 - CAMPO FIJO DE DESCRIPCIÓN FÍSICA--INFORMACIÓN GENERAL
campo de control de longitud fija t|
008 - DATOS DE LONGITUD FIJA--INFORMACIÓN GENERAL
campo de control de longitud fija 021002m19691970sp ||||1| cat d
100 1# - ENTRADA PRINCIPAL--NOMBRE DE PERSONA
Nombre de persona Abadal, Ramon d',
Fechas asociadas al nombre 1888-1970
9 (RLIN) 17945
245 10 - MENCIÓN DEL TÍTULO
Título Dels visigots als catalans /
Mención de responsabilidad, etc. Ramon d'Abadal ; edició a cura de Jaume Sobrequés i Callicó.
250 ## - MENCION DE EDICION
Mención de edición [1ª ed.].
260 ## - PUBLICACIÓN, DISTRIBUCIÓN, ETC.
Lugar de publicación, distribución, etc. Barcelona :
Nombre del editor, distribuidor, etc. Edicions 62,
Fecha de publicación, distribución, etc. [1969-1970]
300 ## - DESCRIPCIÓN FÍSICA
Extensión 2 v., 26 lám. :
Otras características físicas il. ;
Dimensiones 21 cm.
490 1# - MENCIÓN DE SERIE
Mención de serie Col.lecció Estudis i documents ;
Designación de volumen o secuencia 13-14
505 8# - NOTA DE CONTENIDO CON FORMATO
Nota de contenido con formato Contiene: v. 1. La Hispània visigòtica i la Catalunya carolíngia -- ­ v. 2. La formació de la Catalunya independent
651 #4 - PUNTO DE ACCESO ADICIONAL DE MATERIA--NOMBRE GEOGRÁFICO
Nombre geográfico Cataluña-
Subdivisión general Historia-
Subdivisión cronológica S.V-XV.
9 (RLIN) 157495
651 #7 - PUNTO DE ACCESO ADICIONAL DE MATERIA--NOMBRE GEOGRÁFICO
Nombre geográfico España-
Subdivisión general Historia-
Subdivisión cronológica 0414-0711, Época visigoda
Fuente del encabezamiento o término
9 (RLIN) 162046
700 1# - ENTRADA AGREGADA--NOMBRE PERSONAL
Nombre de persona Sobrequés i Callicó, Jaume.
9 (RLIN) 106997
830 0# - PUNTO DE ACCESO ADICIONAL DE SERIE-TÍTULO UNIFORME
Título uniforme Col.lecció Estudis i documents ;
Designación de volumen o secuencia 13-14
9 (RLIN) 226563
852 ## - LOCALIZACIÓN
Ubicación ES-MaACL
Número de control de estantería C-54893-4
Sublocalización o colección R.70746
Holdings
Estatus retirado Estado de pérdida Estado de daño No para préstamo Biblioteca de origen Biblioteca actual Ubicación en estantería Fecha de adquisición Fuente de adquisición Total de préstamos Signatura topográfica completa Código de barras Visto por última vez Precio de reemplazo Tipo de ítem Koha
        Biblioteca del Ateneo de Madrid Biblioteca del Ateneo de Madrid Depósito 2 17/01/2008     C-54893-4 1019986 23/02/2023 23/02/2023 Libro impreso